000 00782nam a2200241 i 4500
001 bg
100 1 _aRAMAZANI, Jahan
_d(1960- )
245 1 0 _aPoetry of mourning :
_bthe modern elegy from Hardy to Heaney /
_cJahan Ramazani.
260 _aChicaco ;
_aLondon :
_bThe University of Chicago Press,
_ccop.1994.
300 _aXVI, 419 s. ;
_c24 cm.
504 _aBibliogr. - Indeks.
650 9 _aPoezja angielska
_xhistoria
_y20 w.
650 9 _aElegia angielska
_xhistoria
_y20 w.
650 9 _aPoezja amerykańska
_xhistoria
_y20 w.
650 9 _aElegia amerykańska
_xhistoria
_y20 w.
020 _a0226703401
040 _cBPK
041 0 _aen
080 _a821.111+821.111(73)](091)-143
920 _a0-226-70340-1
942 _cKS
008 s pl f |000 0 pol
999 _c37623
_d37623
856 _uhttp://koha.tu.koszalin.pl/cgi-bin/koha/opac-detail.pl?biblionumber=37623
_yKatalog online BPK